Στα δύσκολα χρόνια

Αποθηκεύτηκε σε:
Λεπτομέρειες βιβλιογραφικής εγγραφής
Κύριος συγγραφέας: Hemingway, Ernest, 1899-1961
Μορφή: Βιβλίο
Γλώσσα:Greek
Δημοσίευση: Θεσσαλονίκη : Παρατηρητής, [1990-1998]
Σειρά:Τα άγνωστα νόμπελ της λογοτεχνίας ; ; 5
Θέματα:
Ετικέτες: Προσθήκη ετικέτας
Δεν υπάρχουν, Καταχωρήστε ετικέτα πρώτοι!

MARC

LEADER 00000nam a2200000 i 4500
001 1/68172
008 990128q19901998 gre d
020 |a 960-260-084-5 
035 |l 10047605 
040 |a GR-MY-UA  |b gre  |e aacr 
041 0 |a gre 
082 0 |a 818.5203 
100 1 |a Hemingway, Ernest,   |d 1899-1961. 
245 1 0 |a Στα δύσκολα χρόνια /  |c Ε. Χέμινγουει 
260 |a Θεσσαλονίκη :   |b Παρατηρητής,   |c [1990-1998] 
300 |a 132 σ. 
490 1 |a Τα άγνωστα νόμπελ της λογοτεχνίας  |v ; 5 
600 1 0 |a Hemingway, Ernest,   |d 1899-1961. 
650 0 0 |a American fiction  |y 20th century. 
830 0 |a Τα άγνωστα νόμπελ της λογοτεχνίας ;  |v ; 5 
852 |a INST  |b RHODES  |e 19990128  |h 818.5203 HEM  |p 005400005553  |q 005400005553  |t BK  |y 0 
901 |a BIBL-1999-1 
909 |a Ρ  |b 058021  |c 1998 
922 |a 4ΕΛΗ  |b 199806  |c ΚΠΣ/ΔΕ  |d EMVASIS